[Event "Titled Tuesday intern op 06th May Early"]
[Site "Chess.com INT"]
[Date "2025.05.06"]
[Round "2"]
[White "Leiva Rodriguez, Jeammarco Giuseppe"]
[Black "Brenke, Andreas"]
[Result "1-0"]
[WhiteElo "2387"]
[BlackElo "2349"]
[PlyCount "37"]
[EventDate "2025.05.06"]
[EventType "swiss (blitz)"]
[EventRounds "11"]
[EventCountry "USA"]
[SourceTitle "CB20_2025"]
[SourceDate "2025.05.14"]
[SourceVersion "1"]
[SourceVersionDate "2025.05.14"]
[SourceQuality "1"]

1. e4 c6 2. d4 d5 3. exd5 cxd5 4. Bd3 Nc6 5. c3 Qc7 6. h3 e5 7. dxe5 Nxe5 8. Bb5+ Nc6 9. Qxd5 Bd6 10. Nf3 Nge7 11. Qd1 0-0 12. 0-0 b6 13. Nbd2 Bb7 14. Ne4 Bf4 15. Bxf4 Qxf4 16. Re1 Rad8 17. Qc1 Qc7 18. Qg5 Rd5 19. Nf6+ 1-0

[Event "Titled Tuesday intern op 01st Apr Early"]
[Site "Chess.com INT"]
[Date "2025.04.01"]
[Round "9"]
[White "Brenke, Andreas"]
[Black "Levitan, Judah Nathan"]
[Result "1-0"]
[WhiteElo "2349"]
[BlackElo "2082"]
[PlyCount "59"]
[EventDate "2025.04.01"]
[EventType "swiss (blitz)"]
[EventRounds "11"]
[EventCountry "USA"]
[SourceTitle "CB15_2025"]
[SourceDate "2025.04.09"]
[SourceVersion "1"]
[SourceVersionDate "2025.04.09"]
[SourceQuality "1"]

1. d4 Nf6 2. c4 e6 3. Nc3 Bb4 4. Qc2 d5 5. cxd5 Qxd5 6. e3 c5 7. Bd2 Bxc3 8. Bxc3 cxd4 9. Bxd4 Nc6 10. Bc3 Bd7 11. Nf3 Rc8 12. a3 Qh5 13. Be2 Qg6 14. Qxg6 hxg6 15. 0-0 0-0 16. Rfd1 Nd5 17. Be1 e5 18. Rxd5 Be6 19. Rdd1 e4 20. Nd4 Nxd4 21. Rxd4 Rc2 22. Bf1 Rxb2 23. Rxe4 Rc8 24. Rb4 Rbc2 25. Rxb7 Rc1 26. Rbb1 R1c5 27. h3 Bf5 28. Rd1 Bc2 29. Rdc1 Rd5 30. Be2 1-0

[Event "Titled Tuesday intern op 01st Apr Early"]
[Site "Chess.com INT"]
[Date "2025.04.01"]
[Round "6"]
[White "Grot, Blazej"]
[Black "Brenke, Andreas"]
[Result "1-0"]
[WhiteElo "2190"]
[BlackElo "2349"]
[PlyCount "57"]
[EventDate "2025.04.01"]
[EventType "swiss (blitz)"]
[EventRounds "11"]
[EventCountry "USA"]
[SourceTitle "CB15_2025"]
[SourceDate "2025.04.09"]
[SourceVersion "1"]
[SourceVersionDate "2025.04.09"]
[SourceQuality "1"]

1. d4 d5 2. c4 c6 3. Nf3 Nf6 4. Nc3 dxc4 5. e4 b5 6. a4 b4 7. Na2 Nxe4 8. Bxc4 e6 9. 0-0 Be7 10. Re1 Nf6 11. Ne5 0-0 12. Bg5 Nd5 13. Bxe7 Qxe7 14. Nc1 Rd8 15. Nb3 a5 16. Rc1 Qd6 17. Bd3 Nf6 18. Rc5 Qc7 19. Qf3 Nd5 20. Re4 Bb7 21. Rh4 g6 22. Qh3 Nf6 23. Rf4 Qe7 24. Qf3 Kg7 25. g4 h6 26. h4 g5 27. hxg5 hxg5 28. Ng6 fxg6 29. Rxg5 1-0

[Event "Titled Tuesday intern op 04th Mar Early"]
[Site "Chess.com INT"]
[Date "2025.03.04"]
[Round "4"]
[White "Barath, Kalyan M"]
[Black "Brenke, Andreas"]
[Result "1-0"]
[WhiteElo "2134"]
[BlackElo "2349"]
[PlyCount "69"]
[EventDate "2025.03.04"]
[EventType "swiss (blitz)"]
[EventRounds "11"]
[EventCountry "USA"]
[SourceTitle "CB11_2025"]
[SourceDate "2025.03.12"]
[SourceVersion "1"]
[SourceVersionDate "2025.03.12"]
[SourceQuality "1"]

1. e4 c6 2. d4 d5 3. exd5 cxd5 4. Nf3 Nc6 5. c3 Bg4 6. Be2 e6 7. 0-0 Qc7 8. Bg5 Be7 9. Bxe7 Ngxe7 10. Nbd2 0-0 11. Ne5 Bxe2 12. Qxe2 Nxe5 13. dxe5 Nc6 14. Nf3 Rab8 15. h4 h6 16. Rfd1 b5 17. Rac1 Rfc8 18. h5 a5 19. Qe3 Qb6 20. Qf4 Ne7 21. g4 Rc4 22. Nd4 Qd8 23. Rd3 b4 24. Rg3 bxc3 25. bxc3 Nc6 26. g5 Nxd4 27. cxd4 hxg5 28. Rxg5 Rxc1+ 29. Qxc1 Kh8 30. h6 g6 31. Qf4 Qe7 32. Kg2 Kh7 33. Rg3 Rb4 34. Rf3 Rb7 35. Rc3 1-0

[Event "Titled Tuesday intern op 04th Mar Early"]
[Site "Chess.com INT"]
[Date "2025.03.04"]
[Round "2"]
[White "Brenke, Andreas"]
[Black "Bobkov, Vadim"]
[Result "0-1"]
[WhiteElo "2349"]
[BlackElo "2204"]
[PlyCount "48"]
[EventDate "2025.03.04"]
[EventType "swiss (blitz)"]
[EventRounds "11"]
[EventCountry "USA"]
[SourceTitle "CB11_2025"]
[SourceDate "2025.03.12"]
[SourceVersion "1"]
[SourceVersionDate "2025.03.12"]
[SourceQuality "1"]

1. d4 Nf6 2. c4 c5 3. d5 b5 4. cxb5 a6 5. e3 d6 6. Nc3 g6 7. a4 Bg7 8. Nf3 0-0 9. Ra3 Nbd7 10. e4 Qa5 11. Bd2 Bb7 12. Qc2 e6 13. bxa6 Bxa6 14. Bb5 Bxb5 15. Nxb5 Qb6 16. dxe6 fxe6 17. 0-0 d5 18. Re1 Nxe4 19. Rxe4 dxe4 20. Ng5 Nf6 21. Bf4 c4 22. Qxc4 Nd5 23. Bg3 Rac8 24. Qxe4 Rc1+ 0-1

[Event "Titled Tuesday intern op 04th Mar Early"]
[Site "Chess.com INT"]
[Date "2025.03.04"]
[Round "5"]
[White "Brenke, Andreas"]
[Black "Piliczewski, Bogusz"]
[Result "0-1"]
[WhiteElo "2349"]
[BlackElo "1878"]
[PlyCount "56"]
[EventDate "2025.03.04"]
[EventType "swiss (blitz)"]
[EventRounds "11"]
[EventCountry "USA"]
[SourceTitle "CB11_2025"]
[SourceDate "2025.03.12"]
[SourceVersion "1"]
[SourceVersionDate "2025.03.12"]
[SourceQuality "1"]

1. d4 d5 2. c4 c6 3. Nc3 Nf6 4. e3 e6 5. Nf3 Nbd7 6. Be2 a6 7. 0-0 dxc4 8. Bxc4 b5 9. Bd3 c5 10. a4 b4 11. Ne4 Bb7 12. Nxf6+ Nxf6 13. b3 Bd6 14. Bb2 0-0 15. Rc1 Rc8 16. Qe2 a5 17. e4 Bf4 18. Rxc5 Rxc5 19. dxc5 Qe7 20. g3 Bh6 21. Bd4 Nd7 22. Qb2 Nxc5 23. Bb1 Nxe4 24. Ne5 Nd2 25. Rd1 Rd8 26. Rxd2 Bxd2 27. Qxd2 Qd6 28. Qd3 g6 0-1

[Event "Titled Tuesday intern op 04th Mar Early"]
[Site "Chess.com INT"]
[Date "2025.03.04"]
[Round "11"]
[White "Brenke, Andreas"]
[Black "Skytte, Rasmus"]
[Result "0-1"]
[WhiteElo "2349"]
[BlackElo "2343"]
[PlyCount "50"]
[EventDate "2025.03.04"]
[EventType "swiss (blitz)"]
[EventRounds "11"]
[EventCountry "USA"]
[SourceTitle "CB11_2025"]
[SourceDate "2025.03.12"]
[SourceVersion "1"]
[SourceVersionDate "2025.03.12"]
[SourceQuality "1"]

1. d4 d5 2. c4 e6 3. Nc3 c5 4. cxd5 cxd4 5. Qa4+ Bd7 6. Qxd4 exd5 7. Qxd5 Nf6 8. Qd1 Nc6 9. Nf3 Bc5 10. e3 0-0 11. Be2 Qe7 12. 0-0 Ne5 13. Nd4 Nc6 14. a3 Rad8 15. b4 Bb6 16. Bb2 Nxd4 17. exd4 Bc6 18. b5 Bxd4 19. Qc2 Be4 20. Nxe4 Qxe4 21. Qxe4 Nxe4 22. Bxd4 Rxd4 23. Bf3 f5 24. Rfd1 Rfd8 25. Rxd4 Rxd4 0-1

[Event "Titled Tuesday intern op 04th Mar Early"]
[Site "Chess.com INT"]
[Date "2025.03.04"]
[Round "6"]
[White "Sailer, Mike L"]
[Black "Brenke, Andreas"]
[Result "0-1"]
[WhiteElo "2108"]
[BlackElo "2349"]
[PlyCount "58"]
[EventDate "2025.03.04"]
[EventType "swiss (blitz)"]
[EventRounds "11"]
[EventCountry "USA"]
[SourceTitle "CB11_2025"]
[SourceDate "2025.03.12"]
[SourceVersion "1"]
[SourceVersionDate "2025.03.12"]
[SourceQuality "1"]

1. d4 d5 2. Bf4 Nf6 3. e3 c5 4. c3 Nc6 5. Nf3 Bg4 6. Nbd2 e6 7. Bd3 Bd6 8. 0-0 0-0 9. Bg3 Bxg3 10. hxg3 Qd6 11. dxc5 Qxc5 12. Qa4 a6 13. Qf4 Bh5 14. Rac1 Rfe8 15. a3 e5 16. Bxh7+ Nxh7 17. Qh4 Bxf3 18. gxf3 Re6 19. Kg2 Rh6 20. Qg4 Nf6 21. Qf5 Qe7 22. Rh1 Qe6 23. Qg5 Nh7 24. Qg4 Qxg4 25. fxg4 Rxh1 26. Rxh1 Rd8 27. Kf3 e4+ 28. Kf4 g5+ 29. Kf5 Rd6 0-1

[Event "Titled Tuesday intern op 04th Mar Early"]
[Site "Chess.com INT"]
[Date "2025.03.04"]
[Round "8"]
[White "Swiatlowski, Lukasz"]
[Black "Brenke, Andreas"]
[Result "0-1"]
[WhiteElo "2199"]
[BlackElo "2349"]
[PlyCount "38"]
[EventDate "2025.03.04"]
[EventType "swiss (blitz)"]
[EventRounds "11"]
[EventCountry "USA"]
[SourceTitle "CB11_2025"]
[SourceDate "2025.03.12"]
[SourceVersion "1"]
[SourceVersionDate "2025.03.12"]
[SourceQuality "1"]

1. Nf3 d5 2. g3 Nd7 3. Bg2 e5 4. d3 Ngf6 5. 0-0 c6 6. Nbd2 Qc7 7. e4 dxe4 8. dxe4 Bc5 9. b3 0-0 10. Bb2 Re8 11. Qe2 a5 12. a3 b5 13. Nh4 Ba6 14. c4 Rab8 15. Rfc1 bxc4 16. b4 c3 17. Qxa6 cxb2 18. Rcb1 bxa1Q 19. Rxa1 axb4 0-1

[Event "Titled Tuesday intern op 11th Feb Early"]
[Site "Chess.com INT"]
[Date "2025.02.11"]
[Round "7"]
[White "Brenke, Andreas"]
[Black "Pournami, S."]
[Result "1-0"]
[WhiteElo "2349"]
[BlackElo "1770"]
[PlyCount "113"]
[EventDate "2025.02.11"]
[EventType "swiss (blitz)"]
[EventRounds "11"]
[EventCountry "USA"]
[SourceTitle "CB08_2025"]
[SourceDate "2025.02.19"]
[SourceVersion "1"]
[SourceVersionDate "2025.02.19"]
[SourceQuality "1"]

1. d4 Nf6 2. c4 e6 3. Nc3 d5 4. Bg5 Be7 5. e3 h6 6. Bxf6 Bxf6 7. Nf3 0-0 8. Rc1 b6 9. cxd5 exd5 10. Bd3 Be6 11. h4 c5 12. h5 Nc6 13. Bb1 Bg4 14. dxc5 d4 15. exd4 Nxd4 16. Ne4 Re8 17. Kf1 Nxf3 18. Qxd8 Bxd8 19. gxf3 Bxf3 20. Nd6 Re5 21. Rh2 Bg5 22. Re1 Rxe1+ 23. Kxe1 Bf4 24. Rh3 Bxd6 25. Rxf3 Bxc5 26. Rd3 Re8+ 27. Kf1 Kf8 28. Rd7 b5 29. Bd3 b4 30. Bc4 Re7 31. Rd8+ Re8 32. Rd7 Be7 33. Kg2 Rc8 34. b3 a5 35. Ra7 Bd8 36. Rxf7+ Ke8 37. Rb7 Be7 38. Ra7 Rd8 39. Rxa5 Rc8 40. Ra7 g5 41. hxg6 Kf8 42. g7+ Kxg7 43. Rxe7+ Kf6 44. Rb7 Rc5 45. Rxb4 Rg5+ 46. Kf1 h5 47. Rb6+ Ke7 48. a4 h4 49. Rh6 Rg4 50. a5 Kd7 51. a6 Kc7 52. a7 Rg8 53. Rh7+ Kb6 54. Bd5 Rd8 55. a8Q Rxa8 56. Bxa8 Kb5 57. Rxh4 1-0

[Event "Titled Tuesday intern op 11th Feb Early"]
[Site "Chess.com INT"]
[Date "2025.02.11"]
[Round "8"]
[White "Piesik, Piotr"]
[Black "Brenke, Andreas"]
[Result "1-0"]
[WhiteElo "2422"]
[BlackElo "2349"]
[PlyCount "39"]
[EventDate "2025.02.11"]
[EventType "swiss (blitz)"]
[EventRounds "11"]
[EventCountry "USA"]
[SourceTitle "CB09_2025"]
[SourceDate "2025.02.27"]
[SourceVersion "1"]
[SourceVersionDate "2025.02.27"]
[SourceQuality "1"]

1. Nf3 d5 2. g3 Nd7 3. Bg2 e5 4. 0-0 Ngf6 5. d3 c6 6. Nbd2 Be7 7. e4 dxe4 8. dxe4 0-0 9. a4 Qc7 10. Qe2 Re8 11. b3 Bf8 12. Bb2 a5 13. Nc4 b5 14. axb5 cxb5 15. Ne3 Bb7 16. Rfd1 Bxe4 17. Qxb5 Reb8 18. Bxe5 Nxe5 19. Qxe5 Bd6 20. Qxd6 1-0

[Event "Titled Tuesday intern op 11th Feb Early"]
[Site "Chess.com INT"]
[Date "2025.02.11"]
[Round "3"]
[White "Voitovich, Vladislav"]
[Black "Brenke, Andreas"]
[Result "1-0"]
[WhiteElo "2319"]
[BlackElo "2349"]
[PlyCount "41"]
[EventDate "2025.02.11"]
[EventType "swiss (blitz)"]
[EventRounds "11"]
[EventCountry "USA"]
[SourceTitle "CB09_2025"]
[SourceDate "2025.02.27"]
[SourceVersion "1"]
[SourceVersionDate "2025.02.27"]
[SourceQuality "1"]

1. d4 d5 2. Bg5 h6 3. Bh4 c6 4. Nf3 Qb6 5. Qc1 g5 6. Bg3 g4 7. Ne5 Qxd4 8. c3 Qb6 9. e4 Nf6 10. exd5 cxd5 11. Na3 a6 12. Bd3 Nc6 13. 0-0 e6 14. c4 Be7 15. cxd5 exd5 16. Re1 Be6 17. Ng6 fxg6 18. Rxe6 Kf7 19. Qe1 Rae8 20. Nc2 Rhf8 21. Qe2 1-0

[Event "Titled Tuesday intern op 14th Jan Early"]
[Site "Chess.com INT"]
[Date "2025.01.14"]
[Round "4"]
[White "Shubenkova, Veronika"]
[Black "Brenke, Andreas"]
[Result "0-1"]
[WhiteElo "2024"]
[BlackElo "2349"]
[PlyCount "108"]
[EventDate "2025.01.14"]
[EventType "swiss (blitz)"]
[EventRounds "11"]
[EventCountry "USA"]
[SourceTitle "CB04_2025"]
[SourceDate "2025.01.22"]
[SourceVersion "1"]
[SourceVersionDate "2025.01.22"]
[SourceQuality "1"]

1. d4 d5 2. e3 c5 3. f4 Nc6 4. Nf3 Bg4 5. Be2 e6 6. c3 Bxf3 7. Bxf3 f5 8. 0-0 Nf6 9. Nd2 Bd6 10. b3 cxd4 11. exd4 Bxf4 12. Bh5+ g6 13. Bxg6+ hxg6 14. Rxf4 Qd6 15. g3 0-0-0 16. c4 dxc4 17. Nxc4 Qd5 18. Ne3 Qd7 19. Bb2 g5 20. Rf2 f4 21. gxf4 gxf4 22. Rxf4 Rdg8+ 23. Kh1 Rh3 24. Qe2 Nd5 25. Nxd5 Qxd5+ 26. Qe4 Rgh8 27. Qxd5 Rxh2+ 28. Kg1 exd5 29. Rf2 Rh1+ 30. Kg2 R8h2+ 31. Kf3 Rxf2+ 32. Kxf2 Rh2+ 33. Ke3 Rxb2 34. Rh1 Kc7 35. Rh5 Rxa2 36. Rxd5 Rb2 37. Rb5 a6 38. Rc5 Rxb3+ 39. Ke4 Kd6 40. Rd5+ Ke6 41. Rh5 Rb4 42. Rh6+ Kd7 43. Rh7+ Kc8 44. Kd5 Rxd4+ 45. Kc5 Rd1 46. Kb6 Rb1+ 47. Kc5 Kb8 48. Rh8+ Ka7 49. Rh7 Rb5+ 50. Kd6 a5 51. Kc7 a4 52. Rh4 Ra5 53. Kc8 a3 54. Rh7 Rb5 0-1

[Event "Titled Tuesday intern op 07th Jan Early"]
[Site "Chess.com INT"]
[Date "2025.01.07"]
[Round "4"]
[White "Brenke, Andreas"]
[Black "Oluka, Robert Mcligeyo"]
[Result "1/2-1/2"]
[WhiteElo "2349"]
[BlackElo "2027"]
[PlyCount "113"]
[EventDate "2025.01.07"]
[EventType "swiss (blitz)"]
[EventRounds "11"]
[EventCountry "USA"]
[SourceTitle "CB03_2025"]
[SourceDate "2025.01.15"]
[SourceVersion "1"]
[SourceVersionDate "2025.01.15"]
[SourceQuality "1"]

1. d4 Nf6 2. c4 g6 3. Nc3 d5 4. Nf3 Bg7 5. Qb3 dxc4 6. Qxc4 c6 7. e4 b5 8. Qb3 0-0 9. Be2 a6 10. 0-0 Bg4 11. Rd1 Qb6 12. Be3 Nbd7 13. a4 b4 14. e5 bxc3 15. Qxb6 Nxb6 16. exf6 Bxf6 17. bxc3 Nd5 18. Bd2 c5 19. Rac1 cxd4 20. cxd4 a5 21. Rc5 Nb4 22. h3 Bxf3 23. Bxf3 Ra7 24. d5 Rd8 25. Rb1 Nd3 26. Rxa5 Rxa5 27. Bxa5 Ra8 28. Rb5 Nb2 29. d6 Ra7 30. Bb4 exd6 31. a5 Nd3 32. Bxd6 Bc3 33. a6 Bd4 34. Bg3 Rxa6 35. Rd5 Ra4 36. Rd7 Ne5 37. Bxe5 Bxe5 38. g3 Rd4 39. Bd5 Kg7 40. Rxf7+ Kh6 41. Rd7 Rd2 42. Be6 Rxd7 43. Bxd7 Bd4 44. Kg2 Kg7 45. f4 h5 46. Kf3 Kf6 47. Bc8 Bc5 48. Bb7 g5 49. Be4 gxf4 50. gxf4 h4 51. Kg4 Bf2 52. Bf5 Bg3 53. Be4 Be1 54. Bf3 Bg3 55. Be4 Be1 56. Bd3 Bg3 57. Be4 1/2-1/2

[Event "Titled Tuesday intern op 24th Sep Early"]
[Site "Chess.com INT"]
[Date "2024.09.24"]
[Round "3"]
[White "Brenke, Andreas"]
[Black "Kvaloy, Aksel Bu"]
[Result "1/2-1/2"]
[WhiteElo "2349"]
[BlackElo "2482"]
[PlyCount "189"]
[EventDate "2024.09.24"]
[EventType "swiss (blitz)"]
[EventRounds "11"]
[EventCountry "USA"]
[SourceTitle "EXT 2025"]
[Source "ChessBase"]
[SourceDate "2024.10.14"]
[SourceVersion "1"]
[SourceVersionDate "2024.10.14"]
[SourceQuality "1"]

1. d4 Nf6 2. c4 e6 3. Nc3 Bb4 4. Qc2 0-0 5. Nf3 c5 6. dxc5 Na6 7. g3 Nxc5 8. Bg2 Nce4 9. 0-0 Bxc3 10. bxc3 b6 11. Ng5 d5 12. Rd1 Nxg5 13. Bxg5 Bb7 14. cxd5 Bxd5 15. Bxd5 exd5 16. Bxf6 Qxf6 17. Rxd5 Rac8 18. Rd3 Rc5 19. Qd2 Rfc8 20. Rc1 h5 21. h4 g6 22. Rd6 Qe7 23. Rd7 Qf6 24. Rxa7 Rxc3 25. Rxc3 Qxc3 26. Qxc3 Rxc3 27. Rb7 Rc2 28. e3 Rxa2 29. Rxb6 Kg7 30. Kg2 Ra4 31. Kf3 Rc4 32. Ra6 Rc2 33. Rb6 Rc3 34. Ra6 Rb3 35. Rc6 Rb4 36. Rd6 Ra4 37. Rc6 Rb4 38. Rd6 Ra4 39. Rc6 Ra2 40. Rd6 Ra5 41. Rc6 Rf5+ 42. Kg2 Rd5 43. Rb6 Ra5 44. Kf3 Ra2 45. Rc6 Ra8 46. Rb6 Re8 47. Rc6 Re7 48. Rb6 Re5 49. Rc6 Rf5+ 50. Kg2 Ra5 51. Rb6 Ra1 52. Kf3 Rd1 53. Rc6 Rd8 54. Rb6 Rh8 55. Ra6 Re8 56. Rb6 Kf8 57. Rb7 Re6 58. Ra7 Rf6+ 59. Kg2 Rb6 60. Rc7 Kg7 61. Ra7 Kf6 62. Rc7 Ke6 63. Ra7 Rb1 64. Rc7 Rb2 65. Ra7 Rc2 66. Ra6+ Kf5 67. Ra5+ Kf6 68. Ra6+ Kg7 69. Rb6 Rc4 70. Ra6 Rb4 71. Rc6 Rb8 72. Ra6 Kh6 73. Rf6 Rf8 74. Kf3 Kg7 75. Ra6 Rg8 76. Rb6 Re8 77. Ra6 Re7 78. Rb6 f6 79. Ra6 Rd7 80. Rb6 Rc7 81. Rb5 Rd7 82. Ra5 Rc7 83. Rb5 Re7 84. Ra5 Re6 85. Rb5 Rc6 86. Ra5 Rb6 87. Rc5 Ra6 88. Rb5 Re6 89. Rc5 Rd6 90. Rb5 Rd1 91. Rb7+ Kh6 92. Rb6 Kg7 93. Rb7+ Kh6 94. Rb6 Kg7 95. Rb7+ 1/2-1/2

[Event "Titled Tuesday intern op 24th Sep Early"]
[Site "Chess.com INT"]
[Date "2024.09.24"]
[Round "1"]
[White "Hayrapetyan, Edgar"]
[Black "Brenke, Andreas"]
[Result "1-0"]
[WhiteElo "2216"]
[BlackElo "2349"]
[PlyCount "45"]
[EventDate "2024.09.24"]
[EventType "swiss (blitz)"]
[EventRounds "11"]
[EventCountry "USA"]
[SourceTitle "EXT 2025"]
[Source "ChessBase"]
[SourceDate "2024.10.14"]
[SourceVersion "1"]
[SourceVersionDate "2024.10.14"]
[SourceQuality "1"]

1. e4 c6 2. Nc3 d5 3. d4 dxe4 4. Nxe4 Nf6 5. Ng5 h6 6. Nxf7 Kxf7 7. Nf3 Nbd7 8. Bd3 e6 9. 0-0 Bd6 10. Re1 Re8 11. Ne5+ Kg8 12. Qf3 Bxe5 13. dxe5 Nd5 14. Qe4 Nf8 15. Bd2 Bd7 16. Rad1 Qe7 17. Qg4 Kh8 18. c4 Nc7 19. Re3 Rad8 20. Rh3 Bc8 21. Bxh6 Kg8 22. Bg5 Qf7 23. Qh4 1-0

[Event "Titled Tuesday intern op 17th Sep Early"]
[Site "Chess,com INT"]
[Date "2024.09.17"]
[Round "7"]
[White "Bhagat, Kush"]
[Black "Brenke, Andreas"]
[Result "1/2-1/2"]
[WhiteElo "2245"]
[BlackElo "2349"]
[PlyCount "89"]
[EventDate "2024.09.17"]
[EventType "swiss (blitz)"]
[EventRounds "11"]
[EventCountry "USA"]
[SourceTitle "EXT 2025"]
[Source "ChessBase"]
[SourceDate "2024.10.14"]
[SourceVersion "1"]
[SourceVersionDate "2024.10.14"]
[SourceQuality "1"]

1. d4 d5 2. Bf4 Nf6 3. e3 c5 4. Nf3 Nc6 5. Nbd2 Bg4 6. c3 e6 7. Qb3 Qc8 8. Be2 Be7 9. h3 Bh5 10. 0-0 0-0 11. Rfe1 Qd7 12. Bb5 Bd6 13. Ne5 Qc7 14. Bxc6 bxc6 15. Qa4 Rfc8 16. b4 c4 17. Qc2 a5 18. a3 a4 19. e4 Nd7 20. Nxd7 Bxf4 21. Nc5 Bg6 22. Rad1 Bxd2 23. Qxd2 dxe4 24. Nxe4 Bxe4 25. Rxe4 Rd8 26. Qe2 Qb7 27. Qxc4 c5 28. Rg4 cxb4 29. cxb4 Rac8 30. Qd3 Rd5 31. Re4 Rcd8 32. Rc1 Qd7 33. Rc4 e5 34. Rc5 exd4 35. Rxd5 Qxd5 36. Re7 g6 37. b5 Qb3 38. Qe2 d3 39. Re8+ Rxe8 40. Qxe8+ Kg7 41. Qe5+ Kg8 42. Qe8+ Kg7 43. Qe5+ Kg8 44. Qb8+ Kg7 45. Qe5+ 1/2-1/2

[Event "Titled Tuesday intern op 17th Sep Early"]
[Site "Chess,com INT"]
[Date "2024.09.17"]
[Round "8"]
[White "Brenke, Andreas"]
[Black "Harsh, Suresh"]
[Result "0-1"]
[WhiteElo "2349"]
[BlackElo "2431"]
[PlyCount "32"]
[EventDate "2024.09.17"]
[EventType "swiss (blitz)"]
[EventRounds "11"]
[EventCountry "USA"]
[SourceTitle "EXT 2025"]
[Source "ChessBase"]
[SourceDate "2024.10.14"]
[SourceVersion "1"]
[SourceVersionDate "2024.10.14"]
[SourceQuality "1"]

1. d4 a6 2. c4 e6 3. e4 d5 4. Nc3 dxe4 5. Nxe4 Bb4+ 6. Nc3 c5 7. d5 Ne7 8. d6 Nf5 9. Bf4 Qf6 10. Nge2 0-0 11. a3 Ba5 12. h4 h6 13. Qa4 Nc6 14. 0-0-0 Bd7 15. Ne4 Qd8 16. g4 Ncd4 0-1

[Event "Titled Tuesday intern op 17th Sep Early"]
[Site "Chess,com INT"]
[Date "2024.09.17"]
[Round "3"]
[White "Brenke, Andreas"]
[Black "Kleimenov, Nikolay"]
[Result "1-0"]
[WhiteElo "2349"]
[BlackElo "2127"]
[PlyCount "83"]
[EventDate "2024.09.17"]
[EventType "swiss (blitz)"]
[EventRounds "11"]
[EventCountry "USA"]
[SourceTitle "EXT 2025"]
[Source "ChessBase"]
[SourceDate "2024.10.14"]
[SourceVersion "1"]
[SourceVersionDate "2024.10.14"]
[SourceQuality "1"]

1. d4 Nf6 2. c4 g6 3. Nc3 Bg7 4. e4 d6 5. Be2 0-0 6. h4 Nbd7 7. h5 e5 8. d5 a5 9. Be3 Nc5 10. Qc2 b6 11. 0-0-0 Ne8 12. g4 Nf6 13. f3 Bd7 14. Kb1 a4 15. hxg6 fxg6 16. Nh3 c6 17. dxc6 Bxc6 18. Ng5 Qe7 19. Nd5 Bxd5 20. cxd5 Rfc8 21. Bxc5 Rxc5 22. Qd2 Rac8 23. Ne6 Ra5 24. Rc1 Raa8 25. Rxc8+ Rxc8 26. Rc1 Qd7 27. Rc3 b5 28. Bxb5 Qb7 29. Rxc8+ Qxc8 30. Bxa4 Qa6 31. Qd1 Qc4 32. Bc6 Qb4 33. a3 Qc4 34. Ka1 h5 35. gxh5 Nxh5 36. a4 Qa6 37. Qb3 Qf1+ 38. Ka2 Qa6 39. Qb5 Qa7 40. a5 Nf4 41. Qb6 Qe7 42. a6 1-0

[Event "Titled Tuesday intern op 17th Sep Early"]
[Site "Chess,com INT"]
[Date "2024.09.17"]
[Round "6"]
[White "Brenke, Andreas"]
[Black "Martin Fuentes, Alberto"]
[Result "1-0"]
[WhiteElo "2349"]
[BlackElo "2375"]
[PlyCount "95"]
[EventDate "2024.09.17"]
[EventType "swiss (blitz)"]
[EventRounds "11"]
[EventCountry "USA"]
[SourceTitle "EXT 2025"]
[Source "ChessBase"]
[SourceDate "2024.10.14"]
[SourceVersion "1"]
[SourceVersionDate "2024.10.14"]
[SourceQuality "1"]

1. d4 Nf6 2. c4 c5 3. Nf3 cxd4 4. Nxd4 Nc6 5. e3 g6 6. Be2 d6 7. 0-0 Bg7 8. Nc3 0-0 9. b3 Bd7 10. Bb2 Qa5 11. Qd2 Rfe8 12. Rfd1 Rac8 13. Rac1 a6 14. a3 Nxd4 15. exd4 h5 16. b4 Qd8 17. Bf3 Bc6 18. d5 Bd7 19. Ne4 Nxe4 20. Bxe4 Bxb2 21. Qxb2 a5 22. c5 axb4 23. axb4 Bb5 24. Qc2 Kg7 25. Qc3+ Kh7 26. Qf3 Kg7 27. h4 Qd7 28. c6 bxc6 29. dxc6 Qg4 30. Qxg4 hxg4 31. c7 Kf6 32. Bb7 Ke6 33. Bxc8+ Rxc8 34. Rd2 d5 35. Ra2 Bc4 36. Ra7 Kd6 37. f3 gxf3 38. gxf3 Kc6 39. Kf2 Kb6 40. Rca1 Kb5 41. Rb7+ Kc6 42. Raa7 f6 43. b5+ Bxb5 44. Rb8 Kd7 45. Rxb5 e6 46. Rb8 Rxc7 47. Rxc7+ Kxc7 48. Rg8 1-0